[Event "XXIII Miedzynarodowy Festiwal Szachowy "]
[Site "Krakow, Hotel Galaxy  ul. Ges"]
[Date "2012.12.30"]
[Round "5.23"]
[White "Jablonska, Sabina"]
[Black "Klementys, Jerzy"]
[Result "1/2-1/2"]
[WhiteElo "1973"]
[BlackElo "1798"]
[PlyCount "117"]
[EventDate "2012.??.??"]

1. e4 c5 2. Nf3 d6 3. d4 cxd4 4. Nxd4 Nf6 5. Nc3 a6 6. Bg5 e6 7. f4 Be7 8. Qf3
Qc7 9. O-O-O Nbd7 10. Bd3 b5 11. Rhe1 Bb7 12. a3 Rc8 13. Kb1 h6 14. Bh4 Qb6 15.
Bf2 Qa5 16. Nb3 Qc7 17. Qg3 O-O 18. Qh3 Nc5 19. g4 Nfd7 20. g5 hxg5 21. fxg5
Ne5 22. Nxc5 dxc5 23. g6 fxg6 24. Qxe6+ Rf7 25. Bg3 Bf6 26. Nd5 Qc6 27. Nxf6+
gxf6 28. Qxc6 Bxc6 29. Bf1 Re8 30. Rd6 Bb7 31. Bh3 Kg7 32. Rf1 Nc4 33. Rd3 Bxe4
34. Re1 f5 35. Bg2 Bxd3 36. Rxe8 Be4 37. Bxe4 Nd2+ 38. Kc1 Nxe4 39. Be5+ Kh6
40. h4 Kh5 41. Rh8+ Kg4 42. Rh6 Re7 43. Rxg6+ Kxh4 44. Bf6+ Nxf6 45. Rxf6 Kg4
46. Kd2 f4 47. Rxa6 f3 48. Rg6+ Kf4 49. Rf6+ Kg3 50. Kd3 f2 51. c4 bxc4+ 52.
Kxc4 Re4+ 53. Kd3 Rf4 54. Rxf4 Kxf4 55. Ke2 Ke4 56. b3 Kd4 57. Kxf2 Kc3 58. a4
Kxb3 59. a5 1/2-1/2

[Event "XXIII Miedzynarodowy Festiwal Szachowy "]
[Site "Krakow, Hotel Galaxy  ul. Ges"]
[Date "2012.12.30"]
[Round "5.25"]
[White "Rychlik, Bogdan"]
[Black "Jajte-pachota, Jerzy"]
[Result "0-1"]
[WhiteElo "1829"]
[BlackElo "1923"]
[PlyCount "32"]
[EventDate "2012.??.??"]

1. e4 c6 2. d4 d5 3. Nd2 e6 4. Ngf3 dxe4 5. Nxe4 Nd7 6. Bd3 Ngf6 7. Nxf6+ Nxf6
8. O-O Be7 9. Re1 b6 10. Qe2 O-O 11. c3 Re8 12. Ne5 Bd7 13. Bf4 Nd5 14. Bxh7+
Kxh7 15. Qh5+ Kg8 16. Qxf7+ Kh7 0-1

[Event "XXIII Miedzynarodowy Festiwal Szachowy "]
[Site "Krakow, Hotel Galaxy  ul. Ges"]
[Date "2012.12.30"]
[Round "5.27"]
[White "Tavakalov, Stanislav"]
[Black "Sajtyna, Krzysztof"]
[Result "1/2-1/2"]
[WhiteElo "1772"]
[BlackElo "1917"]
[PlyCount "73"]
[EventDate "2012.??.??"]

1. e4 g6 2. d4 Bg7 3. Nc3 c6 4. Nf3 d5 5. Be2 dxe4 6. Nxe4 Nd7 7. O-O Ngf6 8.
Nxf6+ Nxf6 9. c3 Qc7 10. Bg5 O-O 11. Qc1 b6 12. Bf4 Qd8 13. Ne5 Bb7 14. Bf3 Qc8
15. Bh6 c5 16. Bxg7 Kxg7 17. Bxb7 Qxb7 18. dxc5 bxc5 19. c4 Nd7 20. Qc3 f6 21.
Nd3 Qc7 22. Rfe1 Rfe8 23. Re6 Nf8 24. Re4 e5 25. Rae1 Qc6 26. Nxe5 fxe5 27.
Rxe5 Rxe5 28. Rxe5 Kf7 29. h3 Rd8 30. Re3 Rd1+ 31. Kh2 Qc7+ 32. g3 Rd4 33. Rf3+
Kg8 34. b4 Ne6 35. Qe3 Qc6 36. bxc5 Qe4 37. Qb3 1/2-1/2

[Event "XXIII Miedzynarodowy Festiwal Szachowy "]
[Site "Krakow, Hotel Galaxy  ul. Ges"]
[Date "2012.12.30"]
[Round "5.28"]
[White "Sliwicka, Alicja"]
[Black "Jasiak, Filip"]
[Result "1-0"]
[WhiteElo "1772"]
[BlackElo "1906"]
[PlyCount "53"]
[EventDate "2012.??.??"]

1. e4 c5 2. Nf3 e6 3. d4 cxd4 4. Nxd4 Nf6 5. Nc3 Bb4 6. e5 Qc7 7. exf6 Bxc3+ 8.
bxc3 Qxc3+ 9. Qd2 Qxa1 10. fxg7 Rg8 11. Bc4 a6 12. O-O Nc6 13. Nxc6 bxc6 14. c3
Qb1 15. Ba3 Qb8 16. Bd6 Qb6 17. Qh6 Bb7 18. Qxh7 O-O-O 19. Rb1 Qa5 20. h3 f5
21. Qg6 Qa4 22. Bxe6 Qc2 23. Re1 Rde8 24. Qf7 Rd8 25. Bxd7+ Rxd7 26. Qxg8+ Rd8
27. Qe6+ 1-0

[Event "XXIII Miedzynarodowy Festiwal Szachowy "]
[Site "Krakow, Hotel Galaxy  ul. Ges"]
[Date "2012.12.30"]
[Round "5.30"]
[White "Dadello, Aleksandra"]
[Black "Roneid, Heidi"]
[Result "1-0"]
[WhiteElo "1883"]
[BlackElo "1674"]
[PlyCount "59"]
[EventDate "2012.??.??"]

1. e4 c5 2. Nf3 d6 3. d4 cxd4 4. Nxd4 Nf6 5. Nc3 g6 6. Be3 Bg7 7. f3 O-O 8. Qd2
Nc6 9. Bc4 Bd7 10. h4 Rc8 11. Bb3 Nxd4 12. Bxd4 b5 13. h5 a5 14. Nd5 a4 15.
Nxf6+ exf6 16. Bd5 Bc6 17. hxg6 hxg6 18. O-O-O Bxd5 19. exd5 Qc7 20. Rh3 b4 21.
b3 axb3 22. axb3 Qa5 23. Rdh1 Qxd5 24. Rh8+ Bxh8 25. Rxh8+ Kxh8 26. Bxf6+ Kg8
27. Qxd5 Rfe8 28. Qg5 Re2 29. Qh6 Rcxc2+ 30. Kb1 1-0

[Event "XXIII Miedzynarodowy Festiwal Szachowy "]
[Site "Krakow, Hotel Galaxy  ul. Ges"]
[Date "2012.12.30"]
[Round "5.32"]
[White "Sadzikowski, Marian"]
[Black "Parol, Pola"]
[Result "0-1"]
[WhiteElo "1868"]
[BlackElo "1549"]
[PlyCount "64"]
[EventDate "2012.??.??"]

1. e4 d6 2. f4 Nf6 3. Nc3 g6 4. Nf3 Bg7 5. Bc4 Nxe4 6. Bxf7+ Kxf7 7. Nxe4 Rf8
8. O-O Kg8 9. d3 Nc6 10. Qe1 e5 11. fxe5 Nxe5 12. Nxe5 Rxf1+ 13. Qxf1 Bxe5 14.
Bg5 Qf8 15. Qe2 Qg7 16. c3 d5 17. Bf6 Bxf6 18. Nxf6+ Qxf6 19. Qe8+ Qf8 20. Qe5
Qc5+ 21. d4 Qc6 22. Rf1 Bf5 23. Qf4 Qd6 24. Qg5 Rf8 25. h4 Be4 26. Rxf8+ Kxf8
27. Qh6+ Kg8 28. Qg5 Kg7 29. h5 h6 30. Qg4 g5 31. Qc8 b6 32. Qe8 Bf5 0-1

[Event "XXIII Miedzynarodowy Festiwal Szachowy "]
[Site "Krakow, Hotel Galaxy  ul. Ges"]
[Date "2012.12.30"]
[Round "5.33"]
[White "Latka, Tadeusz"]
[Black "Valkovoj, Alexandr"]
[Result "0-1"]
[WhiteElo "1573"]
[BlackElo "1855"]
[PlyCount "108"]
[EventDate "2012.??.??"]

1. Nf3 Nf6 2. g3 d5 3. Bg2 Bf5 4. d3 e6 5. O-O h6 6. c4 c6 7. b3 Be7 8. Bb2 O-O
9. Nbd2 Nbd7 10. a3 a5 11. Ra2 Re8 12. Qa1 Bf8 13. Ne5 Qb6 14. e4 dxe4 15. dxe4
Bh7 16. Bd4 Qc7 17. Bc3 Nc5 18. Re1 Rad8 19. b4 axb4 20. axb4 Nd3 21. Nxd3 Rxd3
22. Bf1 Rd7 23. c5 b6 24. Bxf6 gxf6 25. Qxf6 bxc5 26. bxc5 Bxc5 27. Nf3 Bf8 28.
Qc3 Rb8 29. Qc1 Rb4 30. Nd2 Rdd4 31. Bg2 Bg6 32. f3 h5 33. Nf1 Rd3 34. Rd1 Qb6+
35. Kh1 Rxd1 36. Qxd1 Rb1 37. Qe2 c5 38. h3 Qb3 39. Kh2 c4 40. Rc2 c3 41. Qd3
Bg7 42. Ne3 Qb4 43. f4 Bd4 44. Nd1 Rb3 45. g4 f6 46. Kg3 Be8 47. g5 Ra3 48. h4
Ba4 49. e5 Bxc2 50. Qxc2 f5 51. Bf3 Qb3 52. Qxb3 Rxb3 53. Nxc3 Rxc3 54. Kg2 Be3
0-1

[Event "XXIII Miedzynarodowy Festiwal Szachowy "]
[Site "Krakow, Hotel Galaxy  ul. Ges"]
[Date "2012.12.30"]
[Round "5.37"]
[White "Sawczuk, Czeslaw"]
[Black "Bandyk, Sebastian"]
[Result "0-1"]
[WhiteElo "1806"]
[BlackElo "1454"]
[PlyCount "62"]
[EventDate "2012.??.??"]

1. d4 d5 2. c4 dxc4 3. Nc3 a6 4. a4 Nc6 5. Nf3 Nf6 6. e4 Bg4 7. Be3 Bxf3 8.
gxf3 e5 9. dxe5 Nxe5 10. Be2 Bb4 11. O-O c6 12. Bd4 Nd3 13. Bxf6 gxf6 14. Qc2
f5 15. Kh1 Rg8 16. Bxd3 cxd3 17. Qd2 Qh4 18. Rg1 O-O-O 19. e5 Rxg1+ 20. Rxg1
Bxc3 21. bxc3 Qxa4 22. Rc1 Qb3 23. h3 a5 24. Kh2 a4 25. Kg2 a3 26. Kf1 a2 27.
Ra1 Qb1+ 28. Qd1 Qxd1+ 29. Rxd1 d2 30. Ke2 Kc7 31. f4 Kb6 0-1

[Event "XXIII Miedzynarodowy Festiwal Szachowy "]
[Site "Krakow, Hotel Galaxy  ul. Ges"]
[Date "2012.12.30"]
[Round "5.38"]
[White "Lis, Mateusz"]
[Black "Kowalski, Piotr"]
[Result "0-1"]
[WhiteElo "1681"]
[BlackElo "2096"]
[PlyCount "46"]
[EventDate "2012.??.??"]

1. e4 c5 2. Nf3 d6 3. d4 cxd4 4. Nxd4 Nf6 5. Nc3 g6 6. Be3 Bg7 7. f3 O-O 8. Qd2
Nc6 9. g4 e6 10. O-O-O d5 11. exd5 Nxd5 12. Nxd5 exd5 13. h4 Re8 14. Nb3 Qf6
15. Bd4 Nxd4 16. Nxd4 Bd7 17. h5 Rac8 18. Kb1 Qxd4 19. Qc1 Qb4 20. hxg6 hxg6
21. Bd3 Re6 22. Ka1 Rb6 23. c3 Rxc3 0-1

[Event "XXIII Miedzynarodowy Festiwal Szachowy "]
[Site "Krakow, Hotel Galaxy  ul. Ges"]
[Date "2012.12.30"]
[Round "5.40"]
[White "Tracz, Marcelina"]
[Black "Swiech, Joanna"]
[Result "1/2-1/2"]
[WhiteElo "1705"]
[BlackElo "1501"]
[PlyCount "88"]
[EventDate "2012.??.??"]

1. e4 e6 2. d4 d5 3. exd5 exd5 4. Nf3 Nf6 5. c4 Be7 6. Bd3 dxc4 7. Bxc4 O-O 8.
O-O Bg4 9. Be3 Nbd7 10. Nc3 c6 11. Re1 Nb6 12. Be2 Re8 13. Ne5 Bxe2 14. Qxe2
Nbd5 15. Qf3 Nxc3 16. bxc3 Qd5 17. Rab1 Qxf3 18. Nxf3 b6 19. Ne5 Rac8 20. Bg5
h6 21. Bh4 g5 22. Bg3 c5 23. f4 Nh5 24. Rf1 Nxg3 25. hxg3 Bd6 26. Ng4 Kg7 27.
fxg5 hxg5 28. Rf5 Kg6 29. Rbf1 cxd4 30. cxd4 Bxg3 31. Rxf7 Rc7 32. R7f3 Bf4 33.
g3 Bd2 34. R1f2 Bc3 35. Rd3 Re4 36. Ne5+ Kg7 37. Nf3 g4 38. Ng5 Re1+ 39. Kg2
Ba1 40. d5 Rcc1 41. Ne6+ Kh7 42. Rf4 Rg1+ 43. Kf2 Rgf1+ 44. Kg2 Rg1+ 1/2-1/2

[Event "XXIII Miedzynarodowy Festiwal Szachowy "]
[Site "Krakow, Hotel Galaxy  ul. Ges"]
[Date "2012.12.30"]
[Round "5.41"]
[White "Mottang, Harald"]
[Black "Debowska, Michalina"]
[Result "1-0"]
[WhiteElo "1731"]
[BlackElo "1435"]
[PlyCount "77"]
[EventDate "2012.??.??"]

1. Nf3 d5 2. c4 c6 3. cxd5 cxd5 4. d4 Nc6 5. Nc3 Bf5 6. e3 e6 7. Qb3 Qc7 8. Bb5
a6 9. Qa4 Rc8 10. Bxc6+ Qxc6 11. Qb3 Bd6 12. Bd2 Nf6 13. Rc1 Qd7 14. O-O O-O
15. Ne2 Bg4 16. Ne5 Bxe5 17. dxe5 Ne4 18. Qd1 Rxc1 19. Bxc1 Bxe2 20. Qxe2 Rc8
21. f3 Nc5 22. b3 Qc7 23. Bb2 Qa5 24. Bd4 Nd7 25. f4 Qc7 26. h3 h6 27. f5 exf5
28. Rxf5 Qc1+ 29. Kh2 Qb1 30. Qf3 Rc1 31. Rxf7 Rh1+ 32. Kg3 Qe1+ 33. Qf2 Qb1
34. Rxg7+ Kxg7 35. e6+ Kg6 36. exd7 Rf1 37. d8=Q Rxf2 38. Qg8+ Kh5 39. Qg4# 1-0

[Event "XXIII Miedzynarodowy Festiwal Szachowy "]
[Site "Krakow, Hotel Galaxy  ul. Ges"]
[Date "2012.12.30"]
[Round "5.43"]
[White "Cebula, Alicja"]
[Black "Grabarczyk, Sylwester"]
[Result "0-1"]
[WhiteElo "1590"]
[BlackElo "1722"]
[PlyCount "48"]
[EventDate "2012.??.??"]

1. e4 d5 2. exd5 Nf6 3. c4 c6 4. dxc6 Nxc6 5. Nf3 Bf5 6. Nc3 e6 7. b3 Nb4 8. d3
Bxd3 9. Bxd3 Nxd3+ 10. Kf1 Bc5 11. Be3 Bxe3 12. fxe3 Ng4 13. Qd2 Ngf2 14. Rg1
O-O 15. Ke2 Qf6 16. Ne4 Nxe4 17. Qxd3 Qb2+ 18. Nd2 Nc3+ 19. Kf3 Rad8 20. Qf1
Rxd2 21. Qc1 Rf2+ 22. Kg4 Qe2+ 23. Kh3 Qh5+ 24. Kg3 Ne4# 0-1

[Event "XXIII Miedzynarodowy Festiwal Szachowy "]
[Site "Krakow, Hotel Galaxy  ul. Ges"]
[Date "2012.12.30"]
[Round "5.44"]
[White "Kolodziej, Krzysztof"]
[Black "Domanski, Lukasz"]
[Result "1-0"]
[WhiteElo "1657"]
[BlackElo "1562"]
[PlyCount "87"]
[EventDate "2012.??.??"]

1. e4 c5 2. Nf3 d6 3. d4 cxd4 4. Nxd4 Nf6 5. f3 a6 6. c4 e5 7. Nc2 Be6 8. Nc3
Qc7 9. Ne3 Be7 10. Be2 O-O 11. O-O Rd8 12. Bd2 Nbd7 13. Ned5 Bxd5 14. cxd5 b5
15. Be3 Rac8 16. Rc1 Qa5 17. a3 b4 18. axb4 Qxb4 19. Bxa6 Ra8 20. Qe2 Nc5 21.
Bb5 Nb3 22. Rc2 Nd4 23. Bxd4 exd4 24. Nd1 Rdb8 25. Bc6 Ra2 26. Rc4 Qb6 27. Qd3
Nh5 28. Qxd4 Qxd4+ 29. Rxd4 Bf6 30. Rd2 Nf4 31. g3 Nh5 32. Kg2 Bd8 33. Rff2 Ba5
34. Nc3 Ra1 35. Rd1 Rxd1 36. Nxd1 Nf6 37. Nc3 Rb3 38. Nb5 Bb4 39. Rc2 g6 40.
Nc3 Kf8 41. Ba4 Bxc3 42. Bxb3 Bd4 43. Ba4 Bc5 44. Rc4 1-0

[Event "XXIII Miedzynarodowy Festiwal Szachowy "]
[Site "Krakow, Hotel Galaxy  ul. Ges"]
[Date "2012.12.30"]
[Round "5.45"]
[White "Kucharska, Honorata"]
[Black "Wilk, Maciej"]
[Result "1/2-1/2"]
[WhiteElo "1558"]
[BlackElo "1646"]
[PlyCount "39"]
[EventDate "2012.??.??"]

1. e4 c5 2. c3 d5 3. exd5 Qxd5 4. d4 Nf6 5. Nf3 Bg4 6. Be2 Nc6 7. O-O e6 8. Be3
cxd4 9. cxd4 Be7 10. Nc3 Qd8 11. h3 Bh5 12. Rc1 O-O 13. Qd2 Rc8 14. Rfd1 Nd5
15. Nxd5 Qxd5 16. Bc4 Qf5 17. Be2 Qd5 18. Bc4 Qf5 19. Be2 Qd5 20. Bc4 1/2-1/2

[Event "XXIII Miedzynarodowy Festiwal Szachowy "]
[Site "Krakow, Hotel Galaxy  ul. Ges"]
[Date "2012.12.30"]
[Round "5.46"]
[White "Snihur, Adam"]
[Black "Ochowicz, Jakub"]
[Result "1-0"]
[WhiteElo "1645"]
[BlackElo "1562"]
[PlyCount "59"]
[EventDate "2012.??.??"]

1. e4 c5 2. Nf3 e6 3. c3 Nf6 4. e5 Nd5 5. d4 cxd4 6. cxd4 Nc6 7. a3 d6 8. Bd3
dxe5 9. dxe5 Be7 10. O-O a6 11. b4 h6 12. Bb2 O-O 13. Nc3 Nxc3 14. Bxc3 b5 15.
Qe2 Bb7 16. Rfd1 Qb6 17. Qe4 g6 18. Qf4 Kg7 19. Nh4 Bxh4 20. Qxh4 Qd8 21. Qh3
Qe7 22. Bd2 Rh8 23. Be4 Rad8 24. Qf3 Rc8 25. Rac1 Nxe5 26. Bc3 f6 27. Bxe5 Bxe4
28. Bxf6+ Qxf6 29. Rd7+ Kg8 30. Rxc8+ 1-0

[Event "XXIII Miedzynarodowy Festiwal Szachowy "]
[Site "Krakow, Hotel Galaxy  ul. Ges"]
[Date "2012.12.30"]
[Round "5.48"]
[White "Madej, Roman"]
[Black "Dobrzanska, Joanna"]
[Result "0-1"]
[WhiteElo "1609"]
[BlackElo "1552"]
[PlyCount "78"]
[EventDate "2012.??.??"]

1. d4 f5 2. c4 e6 3. g3 d5 4. Bg2 c6 5. Nc3 Nf6 6. Nf3 Bd6 7. O-O O-O 8. Qd3
Ne4 9. Bf4 Be7 10. Ne5 Nd7 11. c5 Ndf6 12. b4 g5 13. Be3 Nd7 14. Nxd7 Bxd7 15.
Bxe4 fxe4 16. Qd2 h6 17. f3 exf3 18. Rxf3 Bf6 19. Raf1 Qe7 20. a4 e5 21. dxe5
Qxe5 22. Bf2 d4 23. e3 d3 24. Qxd3 Bh3 25. Rc1 Bg4 26. Qg6+ Bg7 27. Rxf8+ Rxf8
28. Qe4 Qf6 29. Qc4+ Kh8 30. Qa2 Qf3 31. h4 Bh3 32. Be1 Qxe3+ 33. Kh2 Qxc1 34.
Qe2 Bxc3 35. Bxc3+ Qxc3 36. Kxh3 Qf3 37. Qd2 g4+ 38. Kh2 Qf2+ 39. Qxf2 Rxf2+
0-1

[Event "XXIII Miedzynarodowy Festiwal Szachowy "]
[Site "Krakow, Hotel Galaxy  ul. Ges"]
[Date "2012.12.30"]
[Round "5.49"]
[White "Carbonaro, Davidei"]
[Black "Dobrzanska, Magdalena"]
[Result "1-0"]
[WhiteElo "1608"]
[BlackElo "1457"]
[PlyCount "99"]
[EventDate "2012.??.??"]

1. e4 d5 2. exd5 Qxd5 3. Nc3 Qd6 4. d4 Nf6 5. Nf3 Bg4 6. h3 Bxf3 7. Qxf3 c6 8.
Be3 e6 9. Bd3 Qb4 10. O-O-O Be7 11. g4 Nd5 12. Nxd5 cxd5 13. Qe2 O-O 14. f4 a5
15. f5 a4 16. fxe6 fxe6 17. Bd2 Qb6 18. Rhe1 Rf6 19. g5 a3 20. b3 Rf7 21. c3
Bb4 22. Bxh7+ Kf8 23. Rf1 Nd7 24. Rxf7+ Kxf7 25. g6+ Ke7 26. Bg5+ Kd6 27. Qh2+
Kc6 28. cxb4 Qxb4 29. Kb1 Kb6 30. Qc2 Rf8 31. Bd2 Qd6 32. Qc3 Ka7 33. Qa5+ Kb8
34. Bb4 Qh2 35. Rd2 Qh1+ 36. Kc2 Qe4+ 37. Rd3 Rf2+ 38. Bd2 Rf3 39. Qd8+ Ka7 40.
Qa5+ Kb8 41. Qc3 e5 42. Bg8 Qxg6 43. Bxd5 e4 44. Re3 Nf6 45. Bc4 Rf2 46. b4 Qg2
47. Be6 Nh5 48. Qc8+ Ka7 49. Rxa3+ Kb6 50. Qc5# 1-0

[Event "XXIII Miedzynarodowy Festiwal Szachowy "]
[Site "Krakow, Hotel Galaxy  ul. Ges"]
[Date "2012.12.30"]
[Round "5.51"]
[White "Kreft, Wojciech"]
[Black "Krzymionka, Karol"]
[Result "0-1"]
[WhiteElo "1585"]
[BlackElo "1629"]
[PlyCount "104"]
[EventDate "2012.??.??"]

1. d4 Nf6 2. Nf3 d5 3. e3 c5 4. c4 g6 5. b3 Bg7 6. Bb2 O-O 7. Be2 Nc6 8. dxc5
Qa5+ 9. Bc3 Qxc5 10. O-O dxc4 11. Bxc4 Rd8 12. Qc1 Qh5 13. Be2 Bg4 14. h3 Bxf3
15. Bxf3 Qc5 16. Qa3 Qxa3 17. Nxa3 Rd3 18. Nb5 a6 19. Be2 Rd7 20. Na3 b5 21.
Bf3 Rc8 22. Bxf6 Bxf6 23. Rac1 Rdc7 24. Rxc6 Rxc6 25. Bxc6 Rxc6 26. Rd1 e6 27.
Rd2 Be7 28. Nc2 e5 29. Kf1 f5 30. Ke2 Kf7 31. Ke1 Ke6 32. f4 Rd6 33. Rxd6+ Bxd6
34. fxe5 Kxe5 35. Ke2 Ke4 36. Nd4 Bc5 37. Ne6 Bxe3 38. Nc7 Bf4 39. Nxa6 Bd6 40.
a3 Kd5 41. Nb4+ Bxb4 42. axb4 Kd4 43. Kd2 g5 44. g3 f4 45. Ke2 fxg3 46. Kf3 g2
47. Kxg2 Kc3 48. Kg3 h5 49. Kf3 Kxb3 50. Ke4 Kxb4 51. Kf5 g4 52. h4 g3 0-1

[Event "XXIII Miedzynarodowy Festiwal Szachowy "]
[Site "Krakow, Hotel Galaxy  ul. Ges"]
[Date "2012.12.30"]
[Round "5.52"]
[White "Dyga, Ryszard"]
[Black "Berek, Michal"]
[Result "0-1"]
[WhiteElo "1595"]
[BlackElo "1570"]
[PlyCount "86"]
[EventDate "2012.??.??"]

1. e4 c5 2. Nf3 d6 3. d4 cxd4 4. Nxd4 Nf6 5. Nc3 g6 6. Bc4 Bg7 7. O-O O-O 8.
Be3 Nc6 9. Nf3 Ng4 10. Bd2 Bd7 11. Qc1 Re8 12. h3 Nge5 13. Be2 Nxf3+ 14. Bxf3
Nd4 15. Bd1 b5 16. Ne2 Ne6 17. Bh6 Qc7 18. Bxg7 Kxg7 19. Qe3 b4 20. Nd4 Nc5 21.
Be2 Qb7 22. e5 Rac8 23. Bf3 Qb8 24. exd6 e5 25. Nb3 Nxb3 26. Qxb3 Qxd6 27. Rfd1
Qe7 28. a3 bxa3 29. Rxa3 Bf5 30. c3 e4 31. Bg4 Bxg4 32. hxg4 e3 33. f3 e2 34.
Re1 Qe3+ 35. Kh2 Qf2 36. Raa1 h5 37. Qb4 Rcd8 38. g5 h4 39. Qf4 Re6 40. Kh3 a6
41. b4 Rd3 42. Rac1 Re4 43. Qh2 Rxf3+ 0-1

[Event "XXIII Miedzynarodowy Festiwal Szachowy "]
[Site "Krakow, Hotel Galaxy  ul. Ges"]
[Date "2012.12.31"]
[Round "6.1"]
[White "Reza, Wojciech"]
[Black "Zajac, Mateusz"]
[Result "1/2-1/2"]
[WhiteElo "2079"]
[BlackElo "1997"]
[PlyCount "36"]
[EventDate "2012.??.??"]

1. Nf3 Nf6 2. c4 c5 3. Nc3 e6 4. g3 b6 5. Bg2 Bb7 6. O-O Be7 7. d4 cxd4 8. Nxd4
Bxg2 9. Kxg2 d6 10. e4 O-O 11. b3 a6 12. Bb2 Qc7 13. Qe2 Nc6 14. Nc2 Rab8 15.
Rac1 Qb7 16. a4 Rbc8 17. Rfd1 Na5 18. Na1 Rfd8 1/2-1/2

[Event "XXIII Miedzynarodowy Festiwal Szachowy "]
[Site "Krakow, Hotel Galaxy  ul. Ges"]
[Date "2012.12.31"]
[Round "6.2"]
[White "Gawronski, Lukasz"]
[Black "Stankiewicz, Pawel"]
[Result "1/2-1/2"]
[WhiteElo "2069"]
[BlackElo "2085"]
[PlyCount "44"]
[EventDate "2012.??.??"]

1. d4 Nf6 2. Bg5 Ne4 3. Bf4 g5 4. Bc1 h6 5. f3 Nd6 6. e4 Bg7 7. Be3 Nc6 8. c3
b6 9. Bd3 e5 10. d5 Ne7 11. Ne2 f5 12. Qc2 O-O 13. Nd2 f4 14. Bf2 Ng6 15. O-O-O
Nf7 16. g4 Bf6 17. c4 d6 18. Nc3 Kg7 19. b4 a5 20. a3 axb4 21. axb4 h5 22. h3
Bd7 1/2-1/2

[Event "XXIII Miedzynarodowy Festiwal Szachowy "]
[Site "Krakow, Hotel Galaxy  ul. Ges"]
[Date "2012.12.31"]
[Round "6.3"]
[White "Parol, Pawel"]
[Black "Gora, Jan"]
[Result "1/2-1/2"]
[WhiteElo "1984"]
[BlackElo "2000"]
[PlyCount "126"]
[EventDate "2012.??.??"]

1. Nf3 d5 2. d4 c6 3. Bf4 Nf6 4. e3 Qb6 5. Qc1 Bf5 6. Be2 e6 7. O-O Be7 8. c4
O-O 9. Nc3 Nbd7 10. c5 Qd8 11. b4 Nh5 12. Ne5 Nxf4 13. exf4 f6 14. Nf3 a5 15.
a3 axb4 16. axb4 Rxa1 17. Qxa1 Qb8 18. Qc1 e5 19. Qe3 b6 20. fxe5 fxe5 21. cxb6
Qxb6 22. b5 e4 23. Nd2 h6 24. f3 Bg5 25. f4 Bf6 26. Nb3 Ra8 27. bxc6 Qxb3 28.
Rb1 Qa3 29. cxd7 Qa7 30. Rb5 Qxd7 31. Nxd5 Ra1+ 32. Kf2 Bh4+ 33. g3 Kh7 34. Qc3
Ra2 35. Ne3 Bg4 36. Nxg4 Qxg4 37. Qe3 Bf6 38. Qxe4+ Qg6 39. Qxg6+ Kxg6 40. Ke3
Ra7 41. Bd3+ Kf7 42. Bc4+ Ke7 43. Ke4 Kd6 44. Rb6+ Kc7 45. Ra6 Rb7 46. d5 Rb2
47. h4 Rg2 48. Kf3 Rg1 49. Be2 Rb1 50. d6+ Kd7 51. Ke4 Rb4+ 52. Kf5 Rb3 53. Ke4
Bd4 54. Bd1 Rb6 55. Rxb6 Bxb6 56. h5 Kxd6 57. Kf5 Ke7 58. g4 Bc7 59. Bb3 Kf8
60. g5 Bb8 61. Kg4 Ba7 62. f5 Be3 63. g6 Bd4 1/2-1/2

[Event "XXIII Miedzynarodowy Festiwal Szachowy "]
[Site "Krakow, Hotel Galaxy  ul. Ges"]
[Date "2012.12.31"]
[Round "6.4"]
[White "Jajte-pachota, Maciej"]
[Black "Popiol, Michal"]
[Result "1-0"]
[WhiteElo "1835"]
[BlackElo "1859"]
[PlyCount "73"]
[EventDate "2012.??.??"]

1. Nf3 Nf6 2. g3 g6 3. Bg2 Bg7 4. c4 O-O 5. O-O Nc6 6. d3 d6 7. Bd2 e5 8. Bc3
h6 9. d4 e4 10. Nfd2 d5 11. Na3 Be6 12. Nc2 Re8 13. cxd5 Bxd5 14. b4 Ne7 15. e3
Qd7 16. a4 g5 17. h3 Ng6 18. b5 h5 19. Nb4 h4 20. g4 Bf8 21. Nxd5 Nxd5 22. Qc2
f5 23. gxf5 Qxf5 24. Bxe4 Rxe4 25. Qxe4 Qf7 26. Rac1 Re8 27. Qg4 Bh6 28. Nf3
Qf6 29. Ne5 Nxc3 30. Rxc3 Nxe5 31. dxe5 Qxe5 32. Rfc1 Bf8 33. Rxc7 Bd6 34. Rc8
Kf7 35. Qh5+ Kg7 36. Rxe8 Qh2+ 37. Kf1 1-0

[Event "XXIII Miedzynarodowy Festiwal Szachowy "]
[Site "Krakow, Hotel Galaxy  ul. Ges"]
[Date "2012.12.31"]
[Round "6.5"]
[White "Muhtarov, Leonid"]
[Black "Kawula, Andrzej"]
[Result "1-0"]
[WhiteElo "2097"]
[BlackElo "1996"]
[PlyCount "69"]
[EventDate "2012.??.??"]

1. Nf3 f5 2. g3 Nf6 3. Bg2 e6 4. O-O Be7 5. c4 O-O 6. Nc3 d5 7. d4 Ne4 8. Qc2
c6 9. e3 Nd7 10. Ne2 Qe8 11. b3 g5 12. Bb2 Qh5 13. Ne5 Nxe5 14. dxe5 Qf7 15. f3
Nc5 16. b4 Nd7 17. c5 Rd8 18. f4 h6 19. g4 Nf8 20. gxf5 Qxf5 21. e4 dxe4 22.
Bxe4 Qg4+ 23. Kh1 a5 24. Rg1 Qh5 25. b5 Bd7 26. fxg5 hxg5 27. Nf4 Qh4 28. Raf1
Be8 29. Rg3 cxb5 30. Qg2 Bc6 31. Bxc6 Rd1 32. Rxd1 bxc6 33. Rf1 Qh6 34. Qxc6
Rd8 35. Rh3 1-0

[Event "XXIII Miedzynarodowy Festiwal Szachowy "]
[Site "Krakow, Hotel Galaxy  ul. Ges"]
[Date "2012.12.31"]
[Round "6.7"]
[White "Kalinina, Marianna"]
[Black "Bartoszewicz, Marcin"]
[Result "1-0"]
[WhiteElo "2051"]
[BlackElo "1937"]
[PlyCount "67"]
[EventDate "2012.??.??"]

1. e4 e5 2. Nf3 Nc6 3. Bb5 a6 4. Ba4 Nf6 5. O-O b5 6. Bb3 Be7 7. Re1 O-O 8. d4
d6 9. c3 Bg4 10. Be3 Re8 11. Nbd2 Bf8 12. h3 Bh5 13. d5 Na5 14. Bc2 c6 15. b4
Nc4 16. Nxc4 bxc4 17. Ba4 Nxe4 18. Bxc6 Nxc3 19. Qc2 Nb5 20. a4 Nc7 21. Qxc4
Rb8 22. Nd2 Re7 23. Ba7 Ra8 24. Bb6 Rb8 25. a5 f5 26. Reb1 Qc8 27. Bxc7 Rxc7
28. b5 axb5 29. Rxb5 Ra8 30. Qb3 Be8 31. Rb7 Bxc6 32. dxc6+ Kh8 33. Rxc7 Qxc7
34. Qb7 1-0

[Event "XXIII Miedzynarodowy Festiwal Szachowy "]
[Site "Krakow, Hotel Galaxy  ul. Ges"]
[Date "2012.12.31"]
[Round "6.8"]
[White "Gumularz, Szymon"]
[Black "Iivonen, Markku"]
[Result "1-0"]
[WhiteElo "1762"]
[BlackElo "2049"]
[PlyCount "51"]
[EventDate "2012.??.??"]

1. e4 d6 2. d4 Nf6 3. Nc3 c6 4. f4 Qa5 5. Bd3 e5 6. Nf3 exd4 7. Nxd4 g6 8. O-O
Bg7 9. Nf3 O-O 10. Qe2 Re8 11. Kh1 Nbd7 12. Bd2 Qc7 13. Rae1 Nc5 14. e5 dxe5
15. fxe5 Nxd3 16. cxd3 Bg4 17. Qf2 Nd7 18. d4 f6 19. exf6 Nxf6 20. Ne5 Bf5 21.
Qh4 c5 22. Bg5 cxd4 23. Nb5 Qc5 24. Bxf6 Qxb5 25. Rxf5 Rf8 26. Nxg6 1-0

[Event "XXIII Miedzynarodowy Festiwal Szachowy "]
[Site "Krakow, Hotel Galaxy  ul. Ges"]
[Date "2012.12.31"]
[Round "6.9"]
[White "Suliborski, Jakub"]
[Black "Francuzov, Alexander"]
[Result "1/2-1/2"]
[WhiteElo "1979"]
[BlackElo "2019"]
[PlyCount "75"]
[EventDate "2012.??.??"]

1. e4 c6 2. d4 d5 3. f3 dxe4 4. fxe4 g6 5. Nf3 Bg7 6. Bc4 Nf6 7. Qd3 O-O 8. O-O
b5 9. Bb3 c5 10. dxc5 Qxd3 11. cxd3 Rd8 12. Ne5 Be6 13. Bxe6 fxe6 14. Nc3 b4
15. Nb5 Ne8 16. Nf7 Rxd3 17. Nh6+ Kh8 18. Bg5 Nc6 19. Rf7 Rad8 20. Raf1 Rd1 21.
Nd6 Rxf1+ 22. Rxf1 Nxd6 23. cxd6 Bxh6 24. Bxh6 exd6 25. Rf7 a5 26. Rc7 Ne5 27.
h3 Nd3 28. Kf1 e5 29. Ke2 Nxb2 30. Bg7+ Kg8 31. Bf6 Ra8 32. Rg7+ Kf8 33. Rxh7
Ra6 34. g4 Rc6 35. g5 Rc2+ 36. Kf3 Rc3+ 37. Ke2 Rc2+ 38. Kf3 1/2-1/2